[Event "Bad Woerishofen op"]
[Site "?"]
[Date "2008.03.07"]
[Round "9"]
[White "Vrana, Frantisek"]
[Black "Sydow, Hardy"]
[Result "1/2-1/2"]
[WhiteElo "2313"]
[BlackElo "2145"]
[PlyCount "61"]
[EventDate "2008.??.??"]
 
1. e4 e5 2. Nf3 Nc6 3. Bb5 a6 4. Bxc6 dxc6 5. O-O Bd6 6. d4 Bg4 7. dxe5 Bxf3 8.
Qxf3 Bxe5 9. Nd2 Qf6 10. Qb3 O-O-O 11. Nc4 Bd4 12. c3 Bc5 13. Be3 Bxe3 14. fxe3
Qe6 15. Rxf7 Qxe4 16. Rd1 Nh6 17. Rf4 Rxd1+ 18. Qxd1 Qe7 19. Qd3 Re8 20. e4 g5
21. Qh3+ Kb8 22. Rf2 Qxe4 23. Nd2 Qg6 24. Qd7 g4 25. Nf1 Rg8 26. Rf4 Qg5 27.
Rf2 Qg6 28. a3 Re8 29. Rf4 Rg8 30. Rf2 Re8 31. Rf4 1/2-1/2

[Event "Bad Woerishofen op"]
[Site "?"]
[Date "2008.03.07"]
[Round "9"]
[White "Schmitzer, Peter"]
[Black "Rolle, Eric"]
[Result "0-1"]
[WhiteElo "2115"]
[BlackElo "2213"]
[PlyCount "66"]
[EventDate "2008.??.??"]
 
1. d4 e6 2. Nf3 c5 3. e4 cxd4 4. Nxd4 Nf6 5. Bd3 Qb6 6. Nb3 Nc6 7. Be3 Qc7 8.
N1d2 d5 9. O-O Bd6 10. h4 O-O 11. c3 Ne5 12. Bc2 dxe4 13. Nxe4 Nxe4 14. Bxe4 f5
15. Bc2 Nc4 16. Bc1 Bd7 17. Qe2 Rae8 18. Rd1 e5 19. Bd3 Nb6 20. Nd2 e4 21. Bb5
Bxb5 22. Qxb5 f4 23. Nf1 Re5 24. Qb3+ Kh8 25. a4 e3 26. fxe3 f3 27. e4 Rxe4 28.
gxf3 Bc5+ 29. Kg2 Re2+ 30. Kh1 Rxf3 31. Bf4 Rxf1+ 32. Rxf1 Qc6+ 33. Rf3 Qxf3#
0-1

[Event "Bad Woerishofen op"]
[Site "?"]
[Date "2008.03.07"]
[Round "9"]
[White "Eschle, Hubert"]
[Black "Schoknecht, Sabine"]
[Result "1-0"]
[WhiteElo "1935"]
[BlackElo "1759"]
[PlyCount "65"]
[EventDate "2008.??.??"]
 
1. e4 e5 2. Nf3 d6 3. d4 exd4 4. Nxd4 Be7 5. Bc4 Nf6 6. Nc3 O-O 7. Bb3 Nbd7 8.
O-O Nc5 9. Qf3 Nxb3 10. axb3 Ng4 11. h3 Ne5 12. Qd1 Bf6 13. Be3 a6 14. Qd2 Bd7
15. Rad1 Re8 16. f3 Ng6 17. Nd5 Bh4 18. Ne2 Qc8 19. Kh2 Re5 20. Bd4 Re6 21. g3
Bd8 22. Qc3 Bb5 23. Rf2 Ne5 24. Nef4 Re8 25. Nh5 Qd7 26. f4 c5 27. fxe5 cxd4
28. Qxd4 Rxe5 29. Rf5 Be2 30. Rxe5 dxe5 31. Ndf6+ gxf6 32. Qxd7 Bxh5 33. Qe8+
1-0

[Event "Bad Woerishofen op"]
[Site "?"]
[Date "2008.03.07"]
[Round "9"]
[White "Mauquoi, Rudi"]
[Black "Unger, Michael"]
[Result "0-1"]
[WhiteElo "2026"]
[BlackElo "2196"]
[PlyCount "78"]
[EventDate "2008.??.??"]
 
1. c4 Nc6 2. Nc3 e5 3. g3 f5 4. Bg2 Nf6 5. e3 Be7 6. Nge2 O-O 7. d4 d6 8. d5
Nb8 9. a3 a5 10. Rb1 Qe8 11. b4 axb4 12. axb4 Qh5 13. Nb5 Na6 14. O-O Bd7 15.
Nbc3 Rae8 16. f4 Bd8 17. Qc2 g5 18. Rb2 exf4 19. exf4 Ng4 20. h3 Ne3 21. Bxe3
Rxe3 22. Nd1 Ree8 23. Nd4 Bf6 24. Qd3 gxf4 25. gxf4 Kh8 26. Kh2 Rg8 27. Ne3 Rg6
28. Rbf2 Nxb4 29. Qd2 Rh6 30. Ne2 Na6 31. Ng3 Qg6 32. Qd3 Nc5 33. Qd2 Rg8 34.
Rf3 Ne4 35. Nxe4 fxe4 36. f5 Qg5 37. R3f2 Qg3+ 38. Kh1 Be5 39. Ng4 Rxg4 0-1

[Event "Bad Woerishofen op"]
[Site "?"]
[Date "2008.03.07"]
[Round "9"]
[White "Kimmich, Bernd"]
[Black "Jaenig, Reinhard"]
[Result "0-1"]
[WhiteElo "1814"]
[BlackElo "2164"]
[PlyCount "72"]
[EventDate "2008.??.??"]
 
1. d4 Nf6 2. c4 e6 3. Nf3 c5 4. d5 exd5 5. cxd5 d6 6. Nc3 g6 7. e4 Bg7 8. Bd3
O-O 9. O-O Na6 10. a3 Nc7 11. h3 Bd7 12. Bf4 Be8 13. Qe2 a6 14. a4 Rb8 15. a5
Nb5 16. Na4 Nh5 17. Bg5 Nd4 18. Nxd4 Qxg5 19. Nf3 Qf6 20. Nb6 Nf4 21. Qe3 Nxd3
22. Qxd3 Bb5 23. Qc2 Bxf1 24. Nd7 Qe7 25. Nxf8 Bb5 26. Nxh7 Kxh7 27. h4 Kg8 28.
Ra3 Re8 29. Re3 Bd4 30. Re1 Qf6 31. b3 Qf4 32. b4 Kg7 33. bxc5 dxc5 34. e5 Bxe5
35. Qxc5 Bd6 36. Rxe8 Bxc5 0-1

[Event "Bad Woerishofen op"]
[Site "?"]
[Date "2008.03.07"]
[Round "9"]
[White "Vogel, Robert"]
[Black "Wiesbeck, Florian"]
[Result "1-0"]
[WhiteElo "2294"]
[BlackElo "1992"]
[PlyCount "49"]
[EventDate "2008.??.??"]
 
1. d4 d5 2. c4 dxc4 3. Nf3 Nf6 4. e3 e6 5. Bxc4 a6 6. O-O b5 7. Bb3 Bb7 8. Qe2
Nbd7 9. a4 b4 10. Nbd2 c5 11. Bc4 cxd4 12. Nxd4 Nb6 13. Rd1 Nxc4 14. Nxc4 Bd5
15. Bd2 Be7 16. Be1 O-O 17. Nc6 Qc7 18. Nxe7+ Qxe7 19. Nb6 Ra7 20. f3 a5 21. e4
Bb7 22. Bf2 Ba6 23. Qd2 h6 24. e5 Nd5 25. Nxd5 1-0

[Event "Bad Woerishofen op"]
[Site "?"]
[Date "2008.03.07"]
[Round "9"]
[White "Boehle, Lars"]
[Black "Zoll, Detlef"]
[Result "1/2-1/2"]
[WhiteElo "2276"]
[BlackElo "2021"]
[PlyCount "24"]
[EventDate "2008.??.??"]
 
1. Nf3 Nf6 2. c4 g6 3. Nc3 Bg7 4. g3 d6 5. Bg2 O-O 6. O-O c6 7. d3 e5 8. Rb1
Qc7 9. e4 h6 10. Nh4 Kh7 11. f4 exf4 12. gxf4 Ng4 1/2-1/2

[Event "Bad Woerishofen op"]
[Site "?"]
[Date "2008.03.07"]
[Round "9"]
[White "Stein, Manfred"]
[Black "Klamp, Christoph"]
[Result "1-0"]
[WhiteElo "2015"]
[BlackElo "2105"]
[PlyCount "45"]
[EventDate "2008.??.??"]
 
1. e4 c6 2. d4 d5 3. exd5 cxd5 4. c4 Nf6 5. Nc3 Nc6 6. h3 e6 7. Nf3 Bb4 8. Bd3
O-O 9. O-O dxc4 10. Bxc4 h6 11. Be3 b6 12. Qe2 Bb7 13. Rfd1 Ne7 14. Rac1 Ned5
15. Bd2 Bxc3 16. bxc3 Qc7 17. Ne5 Nd7 18. Ng4 N5f6 19. Bd3 Rfe8 20. Re1 Qc6 21.
f3 Nxg4 22. hxg4 Qa4 23. Bb5 1-0

[Event "Bad Woerishofen op"]
[Site "?"]
[Date "2008.03.07"]
[Round "9"]
[White "Dieckmann, Daniel"]
[Black "Marotzke, Stefan"]
[Result "1/2-1/2"]
[WhiteElo "1990"]
[BlackElo "2062"]
[PlyCount "35"]
[EventDate "2008.??.??"]
 
1. d4 d5 2. Nf3 Nf6 3. g3 g6 4. Bg2 Bg7 5. c4 c6 6. b3 O-O 7. O-O Nbd7 8. Bb2
Ne4 9. Nc3 Ndf6 10. Ne5 Nxc3 11. Bxc3 Be6 12. c5 Qc7 13. Bd2 Nd7 14. f4 Rae8
15. b4 Nxe5 16. fxe5 f6 17. exf6 exf6 18. a4 1/2-1/2

[Event "Bad Woerishofen sen"]
[Site "?"]
[Date "2008.03.07"]
[Round "9"]
[White "Goy, Udo"]
[Black "Weinwurm, Wolfgang Dr"]
[Result "0-1"]
[WhiteElo "2282"]
[BlackElo "2177"]
[PlyCount "106"]
[EventDate "2008.??.??"]
 
1. d4 Nf6 2. Nf3 g6 3. g3 Bg7 4. Bg2 O-O 5. O-O d6 6. c4 Nc6 7. d5 Na5 8. Nbd2
c5 9. e4 Rb8 10. Qe2 a6 11. a4 Bd7 12. h3 b5 13. axb5 axb5 14. e5 Ne8 15. Re1
bxc4 16. Ra3 Rb4 17. Ne4 Bf5 18. Nc3 Bd3 19. Qd1 Nb3 20. exd6 exd6 21. Bg5 Nf6
22. Bf1 Bxf1 23. Kxf1 Qd7 24. Kg2 Qf5 25. Ra6 Nd4 26. Bc1 Ne8 27. Re3 Qc8 28.
Ra7 Nf5 29. Re2 Qb8 30. Ra2 Nc7 31. g4 Nd4 32. Re7 Qd8 33. Re1 Re8 34. Rxe8+
Qxe8 35. Ra7 Qb8 36. Ra2 Qb7 37. Bf4 Rxb2 38. Rxb2 Qxb2 39. Bxd6 Nxf3 40. Qxf3
Ne8 41. Ne4 c3 42. Bf4 c2 43. Qe3 Bd4 44. Qe1 Qb1 45. Bc1 Qb7 46. Nxc5 Qxd5+
47. Qe4 Nf6 48. Qxd5 Nxd5 49. Nd3 f5 50. gxf5 gxf5 51. Kf3 Bc3 52. Ke2 Kf7 53.
Nf4 Nxf4+ 0-1

[Event "Bad Woerishofen sen"]
[Site "?"]
[Date "2008.03.07"]
[Round "9"]
[White "Zunker, Reinhard Dr"]
[Black "Weyrauch, Erich"]
[Result "1/2-1/2"]
[WhiteElo "2251"]
[BlackElo "2130"]
[PlyCount "38"]
[EventDate "2008.??.??"]
 
1. e4 c5 2. Nf3 Nc6 3. Nc3 g6 4. d4 cxd4 5. Nxd4 Bg7 6. Be3 d6 7. Qd2 Nf6 8. f3
O-O 9. g4 Nxd4 10. Bxd4 Be6 11. O-O-O Qa5 12. h4 Rab8 13. Nd5 Qxd2+ 14. Rxd2
Bxd5 15. exd5 a6 16. Kb1 Nd7 17. g5 Ne5 18. Be2 h5 19. f4 Nc4 1/2-1/2

[Event "Bad Woerishofen sen"]
[Site "?"]
[Date "2008.03.07"]
[Round "9"]
[White "Straub, Peter"]
[Black "Neese, Hans-Joachim"]
[Result "1/2-1/2"]
[WhiteElo "2137"]
[BlackElo "2306"]
[PlyCount "35"]
[EventDate "2008.??.??"]
 
1. e4 c5 2. Nf3 d6 3. Bb5+ Nd7 4. d4 cxd4 5. Qxd4 a6 6. Bxd7+ Bxd7 7. O-O e5 8.
Qd3 Be7 9. c4 Nf6 10. Bg5 Qc7 11. Nc3 Be6 12. b3 O-O 13. Rad1 Rfd8 14. Nd5 Nxd5
15. cxd5 Bg4 16. Rc1 Qd7 17. Bxe7 Qxe7 18. h3 1/2-1/2

[Event "Bad Woerishofen sen"]
[Site "?"]
[Date "2008.03.07"]
[Round "9"]
[White "Trefzer, Erhard"]
[Black "Mittermaier, Walter"]
[Result "0-1"]
[WhiteElo "2088"]
[BlackElo "2164"]
[PlyCount "40"]
[EventDate "2008.??.??"]
 
1. e4 e5 2. Nf3 Nc6 3. Bb5 Bc5 4. O-O Nge7 5. c3 Bb6 6. d4 exd4 7. cxd4 d5 8.
exd5 Nxd5 9. Ne5 Qf6 10. Nc3 Nxc3 11. bxc3 O-O 12. Bxc6 bxc6 13. Qa4 c5 14.
dxc5 Qxe5 15. cxb6 cxb6 16. Ba3 Re8 17. Bd6 Qe6 18. Qf4 Ba6 19. g3 Bxf1 20.
Kxf1 Rad8 0-1

[Event "Bad Woerishofen sen"]
[Site "?"]
[Date "2008.03.07"]
[Round "9"]
[White "Hoennekes, Klaus"]
[Black "Gudat, Alfons"]
[Result "1-0"]
[WhiteElo "2144"]
[BlackElo "2086"]
[PlyCount "109"]
[EventDate "2008.??.??"]
 
1. e4 c5 2. Nc3 Nc6 3. g3 g6 4. d3 Bg7 5. Be3 d6 6. Bg2 e6 7. Qd2 Nge7 8. Bh6
O-O 9. h4 f6 10. Bxg7 Kxg7 11. f4 d5 12. O-O-O f5 13. exf5 exf5 14. Na4 b6 15.
Nf3 Be6 16. d4 c4 17. h5 h6 18. Rde1 Bf7 19. Re3 gxh5 20. Rhe1 Qd7 21. Nc3 Rfe8
22. Ne2 Ng6 23. Ne5 Qd6 24. Bf3 Ngxe5 25. fxe5 Qg6 26. Rh1 Qg5 27. Rh4 Rad8 28.
c3 Kh7 29. Nf4 Qxg3 30. Qh2 Qxh2 31. Rxh2 Rg8 32. Re1 Rg5 33. Bxh5 Bxh5 34.
Nxh5 Ne7 35. Reh1 Ng8 36. Nf6+ Kg7 37. Nxg8 Rxg8 38. Rxh6 Kf8 39. Rf1 Ke8 40.
Rf6 Rf8 41. Re6+ Kd7 42. Rd6+ Ke7 43. b3 cxb3 44. axb3 Rd8 45. Rxd8 Kxd8 46.
Rh1 Rg7 47. Kd2 Rg2+ 48. Ke3 Rg3+ 49. Kf4 Rxc3 50. Kxf5 Rd3 51. Ke6 Rxd4 52.
Kd6 Kc8 53. e6 Re4 54. Rh8+ Kb7 55. e7 1-0

[Event "Bad Woerishofen sen"]
[Site "?"]
[Date "2008.03.07"]
[Round "9"]
[White "Dallmeier, Gerhard"]
[Black "Collins, Alan"]
[Result "1/2-1/2"]
[WhiteElo "1818"]
[BlackElo "1851"]
[PlyCount "33"]
[EventDate "2008.??.??"]
 
1. e4 d5 2. e5 c5 3. d4 cxd4 4. Qxd4 e6 5. a3 Bd7 6. Nf3 h6 7. Bd3 Nc6 8. Qe3
Qa5+ 9. Bd2 Qc7 10. O-O Nge7 11. b4 a6 12. Bc3 Nc8 13. Nbd2 N6a7 14. Bd4 Nb5
15. c4 Nxd4 16. Nxd4 Ne7 17. c5 1/2-1/2

[Event "Bad Woerishofen sen"]
[Site "?"]
[Date "2008.03.07"]
[Round "9"]
[White "Dahlhaus, Friedhelm"]
[Black "Delander, Adolf"]
[Result "1/2-1/2"]
[WhiteElo "2123"]
[BlackElo "2050"]
[PlyCount "32"]
[EventDate "2008.??.??"]
 
1. e4 c6 2. d4 d5 3. exd5 cxd5 4. c4 Nf6 5. Nc3 e6 6. Nf3 Be7 7. cxd5 Nxd5 8.
Bd3 Nd7 9. O-O O-O 10. Re1 Re8 11. Qe2 Nf8 12. Ne5 f6 13. Nf3 Bd7 14. Be3 Bc6
15. Rac1 Qb6 16. a3 Rac8 1/2-1/2

[Event "Bad Woerishofen sen"]
[Site "?"]
[Date "2008.03.07"]
[Round "9"]
[White "Geisler, Reinhard"]
[Black "Minz, Michael"]
[Result "0-1"]
[WhiteElo "2032"]
[BlackElo "2178"]
[PlyCount "88"]
[EventDate "2008.??.??"]
 
1. d4 d5 2. Bf4 c6 3. c3 Nf6 4. e3 Bf5 5. Bd3 Bxd3 6. Qxd3 e6 7. Nd2 Bd6 8.
Bxd6 Qxd6 9. Ngf3 Nbd7 10. O-O O-O-O 11. e4 dxe4 12. Nxe4 Qf4 13. Rfe1 Nxe4 14.
Qxe4 Qxe4 15. Rxe4 h6 16. Kf1 Kc7 17. Ne5 Nxe5 18. Rxe5 Rd5 19. Rxd5 cxd5 20.
Ke2 Kd6 21. Kd3 f6 22. c4 dxc4+ 23. Kxc4 Rc8+ 24. Kd3 Kd5 25. b3 b5 26. a3 a5
27. g4 g5 28. h4 gxh4 29. Rh1 b4 30. axb4 axb4 31. Rxh4 Rc3+ 32. Kd2 Rxb3 33.
Rxh6 Rf3 34. Ke2 Rf4 35. f3 Kxd4 36. g5 fxg5 37. Rxe6 b3 38. Re3 b2 39. Rb3 Rh4
40. Kf2 Kc4 41. Rb8 Kc3 42. Kg3 Rb4 43. Rc8+ Kd4 44. Rd8+ Ke5 0-1

[Event "Bad Woerishofen sen"]
[Site "?"]
[Date "2008.03.07"]
[Round "9"]
[White "Mueller, Manfred"]
[Black "Ljubarskij, Juri"]
[Result "0-1"]
[WhiteElo "2132"]
[BlackElo "2317"]
[PlyCount "156"]
[EventDate "2008.??.??"]
 
1. e4 e5 2. Nf3 Nc6 3. Bb5 a6 4. Ba4 Nf6 5. d3 b5 6. Bb3 Be7 7. c3 d6 8. Nbd2
Na5 9. Bc2 c5 10. Nf1 Qc7 11. Ng3 O-O 12. O-O Re8 13. a4 b4 14. c4 Nc6 15. b3
h6 16. Be3 Kh7 17. Ra2 g6 18. h3 Ng8 19. Nh2 Nd4 20. f4 Bh4 21. Bxd4 Bxg3 22.
Be3 f5 23. Qf3 exf4 24. Bxf4 Bxf4 25. Qxf4 g5 26. Qf3 f4 27. e5 Bf5 28. d4 Bxc2
29. Rxc2 dxe5 30. Qe4+ Kg7 31. d5 Nf6 32. Qe2 e4 33. Ng4 Nxg4 34. Qxg4 Qe5 35.
Re2 Rad8 36. Kh1 Kg6 37. Ref2 h5 38. Qe2 Rf8 39. g3 Rf5 40. gxf4 gxf4 41. Rg2+
Kh7 42. Rfg1 Rd7 43. Rg6 Rdf7 44. Re6 Qc3 45. Qg2 Qg3 46. Rxe4 Qxg2+ 47. Kxg2
Rg5+ 48. Kf2 Rxg1 49. Kxg1 Kg6 50. Kg2 Kf5 51. Kf3 Rg7 52. Rxf4+ Ke5 53. Re4+
Kf5 54. Re6 h4 55. Re3 a5 56. Rd3 Rg3+ 57. Ke2 Rg2+ 58. Kf1 Rg7 59. d6 Ke6 60.
Kf2 Rd7 61. Kf3 Rg7 62. d7 Rg3+ 63. Ke4 Rxd3 64. Kxd3 Kxd7 65. Ke4 Ke6 66. Kf4
Kf6 67. Kg4 Ke5 68. Kxh4 Kd4 69. Kg4 Kc3 70. h4 Kxb3 71. h5 Kxa4 72. h6 b3 73.
h7 b2 74. h8=Q b1=Q 75. Qe8+ Ka3 76. Qb5 Qb4 77. Kg3 Kb3 78. Kf2 a4 0-1

[Event "Bad Woerishofen sen"]
[Site "?"]
[Date "2008.03.07"]
[Round "9"]
[White "Weber, Gerhard Dr"]
[Black "Bartlitz, Heinz"]
[Result "1-0"]
[WhiteElo "1959"]
[BlackElo "1871"]
[PlyCount "71"]
[EventDate "2008.??.??"]
 
1. e4 d6 2. d4 Nf6 3. f3 c6 4. c4 Qc7 5. Nc3 e5 6. d5 c5 7. g3 a6 8. Bh3 Bxh3
9. Nxh3 h6 10. O-O g5 11. Kh1 Nbd7 12. Nf2 Be7 13. Nd3 Nh7 14. f4 gxf4 15. gxf4
O-O-O 16. fxe5 Bg5 17. Rxf7 Rdf8 18. Rxf8+ Rxf8 19. e6 Ne5 20. Nxe5 dxe5 21.
Bxg5 Nxg5 22. Qe2 Qd6 23. Rf1 Nh3 24. Rxf8+ Qxf8 25. e7 Qxe7 26. Qg4+ Qd7 27.
Qxd7+ Kxd7 28. Kg2 Nf4+ 29. Kf3 h5 30. Kg3 Ng6 31. Ne2 Ke7 32. Kf3 Kf6 33. Ng3
Nh4+ 34. Kf2 Kg5 35. Nxh5 Kxh5 36. d6 1-0

[Event "Bad Woerishofen sen"]
[Site "?"]
[Date "2008.03.07"]
[Round "9"]
[White "Schuler, Georg"]
[Black "Kahler, Kurt"]
[Result "1-0"]
[WhiteElo "2019"]
[BlackElo "1945"]
[PlyCount "42"]
[EventDate "2008.??.??"]
 
1. c4 f5 2. d4 e6 3. Nc3 d5 4. g3 c6 5. e3 Nf6 6. b3 Bb4 7. Bd2 O-O 8. Bg2 Ne4
9. Nxe4 fxe4 10. Bxb4 Rf6 11. Ne2 a5 12. Ba3 Nd7 13. Bd6 Qe8 14. c5 e5 15. O-O
Rh6 16. g4 Rh4 17. Ng3 g6 18. f3 exd4 19. Qxd4 Qe6 20. h3 Nf6 21. fxe4 Nxe4 1-0

[Event "Bad Woerishofen sen"]
[Site "?"]
[Date "2008.03.07"]
[Round "9"]
[White "Miessner, Rolf"]
[Black "Luebbers, Doris Dr"]
[Result "1-0"]
[WhiteElo "1852"]
[BlackElo "1640"]
[PlyCount "83"]
[EventDate "2008.??.??"]
 
1. e4 c5 2. c3 Nc6 3. Nf3 d6 4. d4 cxd4 5. cxd4 e6 6. Nc3 g6 7. Be3 Bg7 8. Qd2
Nf6 9. h3 a6 10. a4 O-O 11. g4 Qc7 12. Bg2 Bd7 13. O-O Rac8 14. Rac1 Qb8 15.
Ng5 Ne8 16. f4 f6 17. Nf3 Rf7 18. d5 exd5 19. Nxd5 Nd8 20. Nb6 Rxc1 21. Rxc1
Bc6 22. Nd4 Bf8 23. b4 Re7 24. Nxc6 Nxc6 25. Nd5 Rf7 26. b5 axb5 27. axb5 Ne7
28. b6 Nc6 29. Qa2 Kg7 30. Rc3 Rd7 31. Qa1 h6 32. h4 Be7 33. g5 h5 34. Ra3 Qd8
35. Ra8 Nb8 36. Bd4 Kf7 37. Bh3 Ng7 38. Rxb8 Qxb8 39. Bxd7 Qd8 40. Bh3 Ne6 41.
Bxe6+ Kxe6 42. Nxe7 1-0